| 000 | 00587nam a22002057a 4500 | ||
|---|---|---|---|
| 999 |
_c13652 _d13652 |
||
| 003 | AR-CdUCM | ||
| 008 | 190416b ||||| |||| 00| 0 spa d | ||
| 040 |
_aMUNICIPALIDAD PROVINCIAL DEL CUSCO _cBIBLIOTECA MUNICIPAL DEL CUSCO |
||
| 082 |
_aC / 869.56 / _bR63 |
||
| 100 |
_aRíos, Jorge _923165 |
||
| 245 |
_aEl camino : _b2da. parte / |
||
| 260 |
_aCusco : _c1969. |
||
| 300 |
_a91 páginas ; _c20 cm. |
||
| 505 | _aContenido: Cuentos. | ||
| 650 |
_aLiteratura Peruana _9132 |
||
| 650 |
_aSiglo XX _98 |
||
| 650 |
_aCuentos _9217 |
||
| 942 |
_2ddc _cLIBROS |
||
| 945 |
_aachl _d2019-04-16 |
||